000 00481nam a2200181Ia 4500
003 GCL
005 20240530103613.0
008 140319s9999 xx 000 0 ara d
040 _aGCL /
_cGCL
082 0 4 _a345.04
_bع د
100 1 _aعمر السعيد رمضان
245 1 0 _a000000
_cعمر السعيد رمضان
300 _a173 ص
650 0 4 _aالقانون الجنائى
650 0 4 _aقانون العقوبات
650 0 4 _aالقاهرة
942 _2ddc
_cBK
999 _c41058
_d41058